000 00200 a2200097 4500
020 _a2370000294357
041 _aeng
100 _aJess Connolly y Hayley Morgan
245 _aWild and Free
942 _cBK
999 _c16343
_d16343